Evaluation of Knowledge and Belief on False Reports and Misinformation from Social Media in COVID-19 Pandemic: A Web Based Cross-Sectional Survey in Karachi, Pakistan

Štúdia hodnotila úlohu sociálnych médií pri nepravdivých správach a šírení dezinformácií pri pandémii COVID-19. Štúdia tiež hodnotila vedomosti, vieru a povedomie všeobecnej populácie mesta Karáči s cieľom poskytnúť pohľady a umožniť ministerstvám a tvorcom politík prijať vhodné opatrenia. Prierezov...

ver descrição completa

Na minha lista:
Detalhes bibliográficos
Autor principal: Shahid, Shehroz
Outros Autores: Habibullah Mangrio, Ramsha, Abbas, Munib, Ali, Zeeshan, Ahmed, Masroor
Formato: Capítulo de Livro
Idioma:inglês
Assuntos:
Tags: Adicionar Tag
Sem tags, seja o primeiro a adicionar uma tag!

MARC

LEADER 00000naa a2200000 4500
001 0276390
005 20210924104247.2
041 0 |a eng 
044 |a PT 
245 1 0 |a Evaluation of Knowledge and Belief on False Reports and Misinformation from Social Media in COVID-19 Pandemic: A Web Based Cross-Sectional Survey in Karachi, Pakistan  |c Shehroz Shahid, Ramsha Habibullah Mangrio, Munib Abbas, Zeeshan Ali, Masroor Ahmed 
520 |a Štúdia hodnotila úlohu sociálnych médií pri nepravdivých správach a šírení dezinformácií pri pandémii COVID-19. Štúdia tiež hodnotila vedomosti, vieru a povedomie všeobecnej populácie mesta Karáči s cieľom poskytnúť pohľady a umožniť ministerstvám a tvorcom politík prijať vhodné opatrenia. Prierezová štúdia, ktorá sa uskutočnila od júna do júla 2020 v pakistanskom Karáčí. 
610 2 0 |a médiá 
610 2 0 |a médiá sociálne 
610 2 0 |a koronavírus 
610 2 0 |a pandémia 
610 2 0 |a Pakistan 
610 2 0 |a informácie 
610 2 0 |a dezinformácie 
100 1 |a Shahid, Shehroz 
700 1 |a Habibullah Mangrio, Ramsha 
700 1 |a Abbas, Munib 
700 1 |a Ali, Zeeshan 
700 1 |a Ahmed, Masroor